Options Markets

Saved in:
Bibliographic Details
Main Author: Cox, John C.
Other Authors: Rubinstein, Mark
Format: Book
Language:English
Published: Englewood Cliffs Prentice Hall 1985
Edition:1. ed.
Subjects:
Tags: Add Tag
No Tags, Be the first to tag this record!

MARC

LEADER 00000nam a2200000 4500
001 c014261
005 20221207074911.6
020 |a 0-13-638205-3 
041 0 |a eng 
044 |a US 
245 1 0 |a Options Markets  |c John C. Cox, Mark Rubinstein 
250 |a 1. ed. 
264 1 |a Englewood Cliffs  |b Prentice Hall  |c 1985 
300 |a 498 s. 
610 2 0 |a opcie 
610 2 0 |a trh finančný 
610 2 0 |a akcie 
610 2 0 |a trh kapitálový 
100 1 |a Cox, John C. 
700 1 |a Rubinstein, Mark